Entry Personal Name
Number of records used in: 1
001 - CONTROL NUMBER
003 - CONTROL NUMBER IDENTIFIER
005 - DATE AND TIME OF LATEST TRANSACTION
- control field:
20191231131726.0
008 - FIXED-LENGTH DATA ELEMENTS
- fixed length control field:
800501n| azannaabn |a aaa
010 ## - LIBRARY OF CONGRESS CONTROL NUMBER
- LC control number:
n 50019446
035 ## - SYSTEM CONTROL NUMBER
- System control number:
(OCoLC)oca00054879
040 ## - CATALOGING SOURCE
- Original cataloging agency:
DLC
- Language of cataloging:
eng
- Description conventions:
rda
- Transcribing agency:
DLC
- Modifying agency:
OCoLC
- Modifying agency:
DLC
046 ## - SPECIAL CODED DATES
- Birth date:
19261020
- Death date:
20150201
100 1# - HEADING--PERSONAL NAME
- Personal name:
Hague, D. C.
- Fuller form of name:
(Douglas Chalmers),
- Dates associated with a name:
1926-2015
370 ## - ASSOCIATED PLACE
- Place of birth:
Leeds (England)
- Source of term:
naf
372 ## - FIELD OF ACTIVITY
- Field of activity:
Economics
- Source of term:
lcsh
373 ## - ASSOCIATED GROUP
- Associated group:
Templeton College (University of Oxford)
- Source of term:
naf
- Start period:
1984
- Source of information:
Telegraph (online), viewed Mar. 9, 2015
373 ## - ASSOCIATED GROUP
- Associated group:
Oxford Centre for Management Studies
- Source of term:
naf
- End period:
1984
373 ## - ASSOCIATED GROUP
- Associated group:
University of Manchester
- Source of term:
naf
- Start period:
1963
- Source of information:
Telegraph (online), viewed Mar. 9, 2015
373 ## - ASSOCIATED GROUP
- Associated group:
University of Sheffield
- Source of term:
naf
- Start period:
1957
- End period:
1963
- Source of information:
Telegraph (online), viewed Mar. 9, 2015
373 ## - ASSOCIATED GROUP
- Associated group:
University College, London
- Source of term:
naf
- Start period:
1947
- End period:
1957
- Source of information:
Telegraph (online), viewed Mar. 9, 2015
373 ## - ASSOCIATED GROUP
- Associated group:
University of Birmingham
- Source of term:
naf
- Start period:
1946
- End period:
1947
- Source of information:
Telegraph (online), viewed Mar. 9, 2015
374 ## - OCCUPATION
- Occupation:
Economists
- Occupation:
College teachers
- Source of term:
lcsh
375 ## - GENDER
377 ## - ASSOCIATED LANGUAGE
378 ## - FULLER FORM OF PERSONAL NAME
- Fuller form of personal name:
Douglas Chalmers
400 1# - SEE FROM TRACING--PERSONAL NAME
- Personal name:
Hague, Douglas Chalmers,
- Dates associated with a name:
1926-2015
400 1# - SEE FROM TRACING--PERSONAL NAME
- Personal name:
Hague, Douglas,
- Dates associated with a name:
1926-2015
670 ## - SOURCE DATA FOUND
- Source citation:
His Costs in alternative locations, 1952.
670 ## - SOURCE DATA FOUND
- Source citation:
His The IRC, an experiment in industrial intervention, 1983:
- Information found:
CIP t.p. (Douglas Hague) pub. info. (Professor Sir Douglas Hague, head, Oxford Centre for Management Studies)
670 ## - SOURCE DATA FOUND
- Source citation:
LC database, Mar. 9, 2015
- Information found:
(heading: Hague, Douglas Chalmers; usage: D.C. Hague, Douglas Hague, Douglas C. Hague)
670 ## - SOURCE DATA FOUND
- Source citation:
Telegraph (online), viewed Mar. 9, 2015
- Information found:
(Sir Douglas Hague; b. Douglas Chalmers Hague, Oct. 20, 1926, Leeds; d. Feb. 1, 2015; economist who helped Mrs. Thatcher to get to grips with monetarist and free market theory)